01526nab a2200217 c 4500001001000000003001000010005001700020008004100037022001400078040003000092041000800122100002600130245004500156300006400201506009600265520065700361600003101018630005401049773011901103773008601222768714001CO-MdFUSB20230419093849.0211009b ck ||||| |||| 00| 0 spa d a1014-9341 bspacCO-MdFUSBdCO-MdFUSB aspa aSimons, Roberteautor 2aLa pregunta de Maríac/ Roberto Simons aNúmero 36 (Enero - Junio, 2005), páginas 51-64c; 23 cm aRoberto Simons es profesor de la Fundación Universitaria Seminario Bíblico de Colombia. aLa pregunta de María en Lucas 1:34 no implica un voto de virginidad, ni carece de sentido, ni fue inventada por Lucas para mejorar la lógica del relato. Más bien, Lucas preservó la pregunta para mantener el paralelismo entre los anuncios de los nacimientos de Juan y de Jesús, el cual viene sugiriendo en sus varios detalles que Jesús es mayor que Juan. La pregunta también introduce un contraste entre la duda de Zacarías y la fe de María, primer ejemplo en Lucas del tema de la inversión de expectativas. Lucas hace uso frecuente de este tema como una ayuda para persuadir a los lectores de que Jesús es el Mesías y Salvador.  yMaría, madre de Jesús.07aBiblia.vLucasxCrítica, interpretación, etc.0 049489oR2147tKairósw(CO-MdFUSB)24x1014-9341gNúmero 36 (Enero - Junio, 2005), páginas 51-64qpágina 510 049489tKairósgNúmero 36 (Enero - Junio, 2005), páginas 51-64qpágina 51